Charmed Characters through all eight seasons - Statistics

General Stats
  • This quiz has been taken 54 times
  • The average score is 11 of 121
Answer Stats
Hint Answer % Correct
Paige Matthews Rose McGowa
95%
Piper Halliwell Holly Marie Combs
93%
Prue Halliwell Shannen Doherty
86%
Leo Wyatt Brian Krause
79%
Phoebe Halliwell Alyssa Milano
67%
Cole Turner Julian McMahon
52%
Chris Halliwell Drew Fuller
50%
Darryl Morris Dorian Gregory
31%
Jason Dean Eric Dane
29%
Billie Jenkins Kaley Cuoco
29%
Patty Halliwell Finola Hughes
26%
Penny 'grams' Halliwell Jennifer Rhodes
26%
Wyatt Halliwell Wes Ramsey
26%
Coop Victor Webster
24%
Henry mitchell Ivan Sergei
21%
Maggie Murphy Amy Adams
19%
Leslie St Claire Nick lachey
19%
Richard Montana Balthazar Getty
17%
Barbas Billy drago
17%
Dan Gordon Greg Vaughan
17%
Kyle Brody Kerr Smith
17%
Zankou Oded Fehr
17%
Elise Rothman/ aunt Jackie rebecca Balding
17%
Kira Charisma Carpenter
14%
Inspector Sheridan Jenya Lano
12%
Christie Jenkins Marnette Patterson
12%
Victor Bennett James Read
10%
Dex Lawson Jason Lewis
10%
Jenny Gordon Karis Paige Bryant
10%
Jack Sheridan Lochlyn Munro
10%
Andy Trudeau Ted W King
10%
Drake Billy Zane
7%
Agent Murphy Brandon Quinn
7%
Inspector Rodriguez Carlos Gomez
7%
The Seer Debbi Morgan
7%
Gideon Gildart Jackson
7%
Phoebe Halliwell Lori Rom
7%
Rex Buckland Neil Roberts
7%
Nate Parks Norman Reedus
7%
sheila Morris sandra Prosper
7%
Sam Wilder Scott Jaeck
7%
Bane Jessup Antonio Sabato Jr
5%
Cronus/war Brian Thompson
5%
Claire Pryce Cristine Rose
5%
Sandra Elizabeth Dennehy
5%
Avatar Gamma Ian Anthony Dale
5%
Avatar Alpha Joel swetow
5%
Odin John De Lancie
5%
Insoector Reece Davidson Keith Diamond
5%
Hannah Webster leigh Allyn Baker
5%
Candor Leland Crooke
5%
Belthazor/Shax/Grimlock/Janor/The source Michael Bailey smith
5%
Avatar Beta Patrice Fisher
5%
Josh Shawn Christian
5%
Asmodeus Steven J Oliver
5%
Sophie Amanda Sickler
2%
abbey Boti Bliss
2%
Jo Bennett Christina Ulloa
2%
Aviva Danielle Harris
2%
Bob Cowan David reivers
2%
Jeremy Burns Eric Scott Woods
2%
Dane Jeffrey Meek
2%
Glen Belland Jesse Woodrow
2%
Mark Chao John Cho
2%
Shane Jordan Bridges
2%
Miles Ken Marino
2%
The Oracle Krista Allen
2%
Finnegan/Liam Michael Gilden
2%
Alastair Michael Trevino
2%
Eric Bragg Misha Colins
2%
Julie Bennett Monica Allgeier
2%
Elf Nanny Niki Botelho
2%
Olivia Callaway Rachelle Lefevre
2%
Mr Kellman Ron Perlman
2%
angel Of Death Simon Templeman
2%
Doug Allen cutler
0%
Dumain Anthony Cistaro
0%
Helen Jenkins Barbara Niven
0%
Jenny Bennett/ Maya Holmes Beatrice Rosen
0%
Gavin Brad Greenquist
0%
Justin harper Chad willett
0%
Chef Moore Chris Flanders
0%
Necromancer, Armand Chris Sarandon
0%
Kara Colleen Porch
0%
Head dwarf Danny WoodBurn
0%
Count Roget David Anders
0%
Carl Jenkins david Starzyk
0%
Julie Deborah Kellner
0%
Angel of Destiny Denise Dowse
0%
Brooke Elisabeth Harnois
0%
Roland Eyal Podell
0%
Agent Keyes Glenn Morshower
0%
Spencer Ricks Googy Gress
0%
Raynor Ian Buchanan
0%
Mist Ivana Milicevic
0%
Zola James Avery
0%
Greg Jason Shaw
0%
Klea/Zira Jennifer Tung
0%
Creo Joel Stoffer
0%
Tarkin Joseph D Reitman
0%
Gil Corso Kent Faulcon
0%
Demon Lee Arenberg
0%
Bianca ( Phoenix) Marisol Nichols
0%
Roger Matthew Ashford
0%
Dr Curtis Williamson Matthew Glave
0%
Laygan Max perlich
0%
Freyja Melissa George
0%
leprechaun/ O'Brien Michael J Anderson
0%
Zyke Michael Maize
0%
Alec, Darklighter Michael Trucco
0%
Paul Haas Mykel Shannon Jenkins
0%
Evan Nick Kiriazis
0%
Jonnah/jonas Nigel Gibbs
0%
Jamie Bennett Ragan Wallake
0%
Brent Miller Raphael Sbarge
0%
Charlene Rebecca Cross
0%
Seth Parra Stefan Marks
0%
The muse Tara Platt
0%
Melinda warren Tyler Layton
0%
Clay Victor Browne
0%
Inspector Cortez Yancey Arias
0%
No matching quizzes found
Score Distribution
Percent of People with Each Score
Percentile by Number Answered
Your Score History
You have not taken this quiz